[Event "European Hybrid Qual 2021"]
[Site "Tornelo INT"]
[Date "2021.05.25"]
[Round "1.2"]
[White "Plazuelo Pascual, Juan"]
[Black "Ponkratov, Pavel"]
[Result "1/2-1/2"]
[WhiteTitle "IM"]
[BlackTitle "GM"]
[WhiteElo "2465"]
[BlackElo "2624"]
[WhiteFideId "32059566"]
[BlackFideId "4157800"]
[EventDate "2021.05.24"]
[EventType "k.o."]

1. d4 Nf6 2. c4 e6 3. Nc3 Bb4 4. Qc2 d5 5. a3 Bxc3+ 6. Qxc3 O-O 7. Bg5 dxc4 8.
Qxc4 b6 9. Rd1 Ba6 10. Qa4 h6 11. Bh4 Qd7 12. Qc2 Qc6 13. Qxc6 Nxc6 14. Bxf6
gxf6 15. e3 Bxf1 16. Kxf1 Na5 17. Nf3 Rac8 18. Ke2 Nc4 19. Rb1 c5 20. Rhc1 Na5
21. dxc5 bxc5 22. Rc3 Rc6 23. Nd2 c4 24. b4 cxb3 25. Rxc6 Nxc6 26. Rxb3 Rc8 27.
Rb7 Kg7 28. Ne4 Ne5 29. f4 Nc4 30. Rxa7 f5 31. Nd2 Nd6 32. Rd7 Nb5 33. Rd3 Nc3+
34. Kf3 h5 35. e4 fxe4+ 36. Nxe4 Nxe4 37. Kxe4 Rc2 38. Kf3 Ra2 39. h3 h4 40. Re3
Kg6 41. Rb3 Kf6 42. Re3 Kg6 43. Re2 Rxa3+ 44. Kg4 Ra4 45. Re5 Kf6 46. Rh5 Kg6
47. Rg5+ Kf6 48. Rh5 Kg6 49. Rg5+ Kf6 50. Kf3 Ra3+ 51. Kf2 Ra2+ 52. Kf3 Ra3+ 53.
Kf2 Ra2+ 54. Kf3 Ra3+ 1/2-1/2

[Event "European Hybrid Qual 2021"]
[Site "Tornelo INT"]
[Date "2021.05.24"]
[Round "1.1"]
[White "Thybo, Jesper Sondergaard"]
[Black "Ozen, Deniz"]
[Result "1/2-1/2"]
[WhiteTitle "GM"]
[BlackTitle "IM"]
[WhiteElo "2568"]
[BlackElo "2397"]
[WhiteFideId "1438832"]
[BlackFideId "6349196"]
[EventDate "2021.05.24"]
[EventType "k.o."]

1. Nf3 Nf6 2. g3 d5 3. Bg2 c6 4. c4 Bf5 5. Qb3 Qb6 6. d3 e6 7. Be3 Qxb3 8. axb3
a6 9. Nh4 Bg6 10. Bd4 Nbd7 11. Bc3 Be7 12. Nxg6 hxg6 13. h4 O-O 14. O-O Rfe8 15.
Rd1 Rac8 16. e4 Bd6 17. Nd2 dxe4 18. Nxe4 Be7 19. b4 Rcd8 20. Nd2 Nf8 21. Nb3
Rd7 22. Na5 Rc8 23. Rdc1 Bd8 24. Nxb7 Rxb7 25. Rxa6 Rb6 26. Rca1 N8d7 27. Ra8
Rbb8 28. R8a6 Be7 29. R1a4 Nb6 30. Ra1 Nbd7 31. R1a4 Nb6 32. Ra1 Nbd7 1/2-1/2

[Event "European Hybrid Qual 2021"]
[Site "Tornelo INT"]
[Date "2021.05.25"]
[Round "1.2"]
[White "Ozen, Deniz"]
[Black "Thybo, Jesper Sondergaard"]
[Result "1/2-1/2"]
[WhiteTitle "IM"]
[BlackTitle "GM"]
[WhiteElo "2397"]
[BlackElo "2568"]
[WhiteFideId "6349196"]
[BlackFideId "1438832"]
[EventDate "2021.05.24"]
[EventType "k.o."]

1. e4 c5 2. Nf3 d6 3. Bb5+ Nd7 4. O-O a6 5. Bd3 Ngf6 6. c3 b5 7. Bc2 Bb7 8. Re1
c4 9. a4 e6 10. axb5 axb5 11. Rxa8 Qxa8 12. Na3 Bxe4 13. Bxe4 Nxe4 14. d3 cxd3
15. Nxb5 Qb7 16. c4 d5 17. cxd5 exd5 18. Qb3 1/2-1/2

[Event "European Hybrid Qual 2021"]
[Site "Tornelo INT"]
[Date "2021.05.25"]
[Round "1.3"]
[White "Ozen, Deniz"]
[Black "Thybo, Jesper Sondergaard"]
[Result "1-0"]
[WhiteTitle "IM"]
[BlackTitle "GM"]
[WhiteElo "2397"]
[BlackElo "2568"]
[WhiteFideId "6349196"]
[BlackFideId "1438832"]
[EventDate "2021.05.24"]
[EventType "k.o."]

1. d4 Nf6 2. Bf4 d5 3. Nf3 c5 4. e3 Nc6 5. Nbd2 e6 6. c3 cxd4 7. exd4 Nh5 8. Be3
Bd6 9. Ne5 Nf6 10. f4 Qb6 11. Qb3 Ng8 12. Qxb6 axb6 13. Bd3 Nge7 14. O-O f6 15.
Nef3 Bd7 16. Rfe1 O-O 17. g3 Na5 18. c4 dxc4 19. Nxc4 Nxc4 20. Bxc4 Kf7 21. Bd2
g6 22. Rf1 Rfc8 23. Bb3 Ba4 24. Bxa4 Rxa4 25. Rf2 Nd5 26. a3 Rac4 27. Re1 Rc2
28. Be3 b5 29. Kf1 b4 30. axb4 Bxb4 31. Ree2 R2c6 32. Kg2 b5 33. Bd2 Bxd2 34.
Nxd2 Rc2 35. Ne4 R2c6 36. Nc5 Ra8 37. Kh3 Ra2 38. b3 Ra3 39. Ra2 b4 40. Rxa3
bxa3 41. Ra2 e5 42. fxe5 fxe5 43. Nd3 Ra6 44. Nxe5+ Ke6 45. Nc4 Ra8 46. Rxa3 Rb8
47. Ra6+ Kd7 48. Rd6+ 1-0

[Event "European Hybrid Qual 2021"]
[Site "Tornelo INT"]
[Date "2021.05.25"]
[Round "1.4"]
[White "Thybo, Jesper Sondergaard"]
[Black "Ozen, Deniz"]
[Result "1-0"]
[WhiteTitle "GM"]
[BlackTitle "IM"]
[WhiteElo "2568"]
[BlackElo "2397"]
[WhiteFideId "1438832"]
[BlackFideId "6349196"]
[EventDate "2021.05.24"]
[EventType "k.o."]

1. Nf3 Nf6 2. g3 d5 3. Bg2 c6 4. c4 Bf5 5. Qb3 Qb6 6. d3 e6 7. Be3 Qxb3 8. axb3
a6 9. Nh4 Bg6 10. Bd4 Nbd7 11. Bc3 e5 12. Nxg6 hxg6 13. h4 d4 14. Bd2 Bd6 15. b4
Ke7 16. Na3 Rhc8 17. c5 Bc7 18. Nc4 Nd5 19. O-O f5 20. e3 dxe3 21. fxe3 a5 22.
bxa5 Nxc5 23. e4 fxe4 24. dxe4 Nf6 25. Bb4 Nd7 26. Bh3 Ke8 27. Bxc5 Nxc5 28.
Bxc8 Rxc8 29. Rad1 Nxe4 30. Rfe1 Nxg3 31. Nd6+ Bxd6 32. Rxd6 Nf5 33. Rxe5+ Kf7
34. Rd7+ Kf6 35. Re4 Ra8 36. b4 Rb8 37. Rc7 g5 38. a6 Nd6 39. hxg5+ Kf5 40. Ree7
bxa6 41. Rxc6 Ne4 42. Rxg7 Rxb4 43. g6 Rb1+ 44. Kg2 Rb2+ 45. Kf1 Kf4 46. Rf7+
Ke3 47. Re6 Rb1+ 48. Kg2 Rb2+ 49. Kh3 Rb5 50. Rfe7 Rh5+ 51. Kg4 Rg5+ 52. Kh4
Rxg6 53. Rxg6 Kd4 54. Rg4 a5 55. Rgxe4+ Kd5 56. Ra4 Kd6 57. Ra7 1-0

[Event "European Hybrid Qual 2021"]
[Site "Tornelo INT"]
[Date "2021.05.25"]
[Round "1.5"]
[White "Ozen, Deniz"]
[Black "Thybo, Jesper Sondergaard"]
[Result "1-0"]
[WhiteTitle "IM"]
[BlackTitle "GM"]
[WhiteElo "2397"]
[BlackElo "2568"]
[WhiteFideId "6349196"]
[BlackFideId "1438832"]
[EventDate "2021.05.24"]
[EventType "k.o."]

1. d4 Nf6 2. Bf4 d5 3. Nf3 c5 4. e3 Nc6 5. Nbd2 e6 6. c3 cxd4 7. exd4 Nh5 8. Be3
Bd6 9. Ne5 Nf6 10. f4 Qb6 11. Qb3 Ng8 12. Bd3 Nge7 13. O-O f6 14. Nef3 O-O 15.
Rfe1 Bd7 16. Rac1 Rac8 17. Bb1 Qxb3 18. axb3 a5 19. g3 b5 20. Bf2 g6 21. Bd3 Rb8
22. Bf1 Kf7 23. Re2 a4 24. b4 Nc8 25. Nb1 Nb6 26. Na3 Nc4 27. Nxc4 dxc4 28. Bh3
Rfe8 29. Rce1 Rbd8 30. Nd2 f5 31. Bg2 Ne7 32. Nf3 h6 33. Ne5+ Bxe5 34. Rxe5 Rb8
35. Rc5 Rec8 36. Rce5 Re8 37. h3 Rec8 38. d5 Ke8 39. Bc5 Ng8 40. g4 Nf6 41. dxe6
Bc6 42. gxf5 Bxg2 43. Kxg2 g5 44. fxg5 hxg5 45. Kf3 Rb7 46. e7 Rd7 47. Re6 Rd3+
48. R1e3 Kf7 49. Ke2 Rxe3+ 50. Bxe3 Nh7 51. Re5 Re8 52. Bc5 Nf6 53. Kf3 Rh8 54.
Kg2 Nh5 55. Be3 Rg8 56. e8=Q+ Rxe8 57. Rxe8 Kxe8 58. Bxg5 Ng7 59. f6 Ne6 60. Be3
Kf7 61. Kf3 Kxf6 62. Ke4 Ng7 63. Bd4+ Kg6 64. Bxg7 Kxg7 65. Kd5 Kf6 66. Kc5 Ke5
67. Kxb5 Ke4 68. Kxc4 Ke3 69. b5 Kd2 70. Kb4 Kc2 71. Kxa4 Kxb2 72. b6 1-0

[Event "European Hybrid Qual 2021"]
[Site "Tornelo INT"]
[Date "2021.05.24"]
[Round "1.1"]
[White "Martirosyan, Haik M."]
[Black "Stepanencu, Nicodim-Cosmin"]
[Result "1-0"]
[WhiteTitle "GM"]
[BlackTitle "CM"]
[WhiteElo "2637"]
[BlackElo "2240"]
[WhiteFideId "13306553"]
[BlackFideId "1256220"]
[EventDate "2021.05.24"]
[EventType "k.o."]

1. d4 Nf6 2. c4 c6 3. Nf3 d5 4. Nc3 dxc4 5. a4 Bf5 6. e3 e6 7. Bxc4 Bb4 8. O-O
Nbd7 9. Qe2 Bg4 10. Rd1 O-O 11. h3 Bh5 12. e4 Re8 13. Bf4 Nd5 14. Bd2 Qa5 15.
Rac1 N5b6 16. Bb3 e5 17. g4 exd4 18. Nxd4 Bg6 19. f3 Rad8 20. Bc2 Nc5 21. Nb3
Nxb3 22. Bxb3 Nxa4 23. Bxa4 Bxc3 24. Bxc3 Qxa4 25. Ra1 Qb3 26. Rxd8 Rxd8 27.
Rxa7 f6 28. Ra3 Qb6+ 29. Kg2 Qc5 30. Ra5 b5 31. Qf2 Qc4 32. Ra7 b4 33. Qb6 Qe2+
34. Kg3 Qd1 35. Bxb4 Bxe4 36. Ra3 Bg6 37. Ra1 Qd5 38. Ra5 Qd1 39. Ra1 Qd5 40.
Qc7 Rd7 41. Ra8+ Kf7 42. Qb8 Qe5+ 43. Qxe5 fxe5 44. Rc8 Rd3 45. Kf2 e4 46. f4
Rf3+ 47. Ke2 Rxh3 48. f5 Bxf5 49. gxf5 Kf6 50. Rf8+ Kg5 51. Bd2+ Kg4 52. f6 gxf6
53. Rxf6 Rh2+ 54. Ke3 h5 55. Rxc6 h4 56. Bc3 h3 57. Be5 Rh1 58. Kxe4 h2 59. Bxh2
Rxh2 60. b4 Rb2 61. Rb6 Re2+ 62. Kd3 Re1 63. Rf6 Rb1 64. Kc4 Rc1+ 65. Kd5 Rb1
66. Kc5 Rc1+ 67. Kb6 Rb1 68. b5 Rb2 69. Kc6 Rc2+ 70. Kb7 Rb2 71. b6 Rb3 72. Kc7
Rc3+ 73. Rc6 Rb3 74. b7 1-0

[Event "European Hybrid Qual 2021"]
[Site "Tornelo INT"]
[Date "2021.05.25"]
[Round "1.2"]
[White "Stepanencu, Nicodim-Cosmin"]
[Black "Martirosyan, Haik M."]
[Result "1-0"]
[WhiteTitle "CM"]
[BlackTitle "GM"]
[WhiteElo "2240"]
[BlackElo "2637"]
[WhiteFideId "1256220"]
[BlackFideId "13306553"]
[EventDate "2021.05.24"]
[EventType "k.o."]

1. e4 e5 2. Nf3 Nc6 3. d4 exd4 4. Nxd4 Nf6 5. Nxc6 bxc6 6. e5 Qe7 7. Qe2 Nd5 8.
h4 d6 9. c4 Nb6 10. exd6 cxd6 11. Be3 Be6 12. Nd2 d5 13. c5 Nd7 14. Qa6 d4 15.
Ne4 dxe3 16. Nd6+ Kd8 17. Qa5+ Nb6 18. O-O-O Bd5 19. cxb6 Kd7 20. Rxd5 cxd5 21.
Qxd5 Qxd6 22. Qb7+ Ke6 23. Bc4+ Ke5 24. f4+ Kd4 25. Rd1+ Kxc4 26. Qxa8 Qc5 27.
Kb1 e2 28. Qe4+ Kb5 29. Rc1 Qxb6 30. Qxe2+ Ka5 31. Qh5+ Ka6 32. Qd5 Qb5 33. Rc6+
Ka5 34. Qd8+ Ka4 35. Qd4+ Bb4 36. b3+ Ka3 37. Qb2# 1-0

[Event "European Hybrid Qual 2021"]
[Site "Tornelo INT"]
[Date "2021.05.25"]
[Round "1.3"]
[White "Stepanencu, Nicodim-Cosmin"]
[Black "Martirosyan, Haik M."]
[Result "0-1"]
[WhiteTitle "CM"]
[BlackTitle "GM"]
[WhiteElo "2240"]
[BlackElo "2637"]
[WhiteFideId "1256220"]
[BlackFideId "13306553"]
[EventDate "2021.05.24"]
[EventType "k.o."]

1. e4 e6 2. d4 d5 3. Nd2 c5 4. exd5 Qxd5 5. dxc5 Qxc5 6. Ngf3 Nf6 7. Bd3 Nbd7 8.
a4 Qc7 9. O-O Be7 10. a5 O-O 11. Nb3 Nc5 12. Nxc5 Bxc5 13. Ra4 Rd8 14. Bg5 Be7
15. Qe2 h6 16. Bh4 Bd7 17. Bg3 Bd6 18. Rc4 Bc6 19. Ne5 Qxa5 20. Nxc6 bxc6 21.
Rxc6 Bxg3 22. hxg3 Qb4 23. b3 a5 24. Ra1 Rdc8 25. Qf3 Nd5 26. Rxc8+ Rxc8 27. Ra4
Qd2 28. Qe4 g6 29. Qg4 h5 30. Qd4 Nc3 31. Qd7 Rf8 32. Ra1 Ne2+ 33. Kh2 h4 34.
Qa4 hxg3+ 35. fxg3 Kg7 36. Bxe2 Rh8+ 37. Kg1 Qe3+ 0-1

[Event "European Hybrid Qual 2021"]
[Site "Tornelo INT"]
[Date "2021.05.25"]
[Round "1.4"]
[White "Martirosyan, Haik M."]
[Black "Stepanencu, Nicodim-Cosmin"]
[Result "1-0"]
[WhiteTitle "GM"]
[BlackTitle "CM"]
[WhiteElo "2637"]
[BlackElo "2240"]
[WhiteFideId "13306553"]
[BlackFideId "1256220"]
[EventDate "2021.05.24"]
[EventType "k.o."]

1. d4 Nf6 2. c4 c6 3. Nc3 d5 4. cxd5 cxd5 5. Bf4 Nc6 6. e3 Bf5 7. Nf3 e6 8. Bd3
Bxd3 9. Qxd3 Be7 10. O-O O-O 11. h3 h6 12. Rfc1 Rc8 13. Ne5 Nxe5 14. Bxe5 Nd7
15. Bg3 Nb6 16. Rc2 Qd7 17. Rac1 Rc4 18. Nb1 Rfc8 19. Nd2 R4c6 20. Nf3 Bd6 21.
Bxd6 Qxd6 22. Ne5 R6c7 23. b3 f6 24. Ng6 Kf7 25. Nf4 f5 26. Qd1 g6 27. Nd3 Nd7
28. Qd2 Rc6 29. Rxc6 Rxc6 30. Rxc6 Qxc6 31. f3 b6 32. g4 Qd6 33. Kg2 Qc7 34. Qc1
Qxc1 35. Nxc1 Ke7 36. Nd3 Kd6 37. Kg3 Kc6 38. h4 g5 39. hxg5 hxg5 40. f4 gxf4+
41. Kxf4 fxg4 42. Kxg4 Kd6 43. Kf4 Nf6 44. Nf2 Nh5+ 45. Kf3 e5 46. dxe5+ Kxe5
47. Nd3+ Kd6 48. e4 dxe4+ 49. Kxe4 Nf6+ 50. Kd4 Nd5 51. Kc4 a6 52. a4 Nc7 53.
Kd4 b5 54. axb5 axb5 55. Nf4 Na6 56. Nd3 1-0

[Event "European Hybrid Qual 2021"]
[Site "Tornelo INT"]
[Date "2021.05.24"]
[Round "1.1"]
[White "Huzman, Alexander"]
[Black "Potpara, Nikola"]
[Result "1-0"]
[WhiteTitle "GM"]
[WhiteElo "2558"]
[BlackElo "2365"]
[WhiteFideId "2803828"]
[BlackFideId "910058"]
[EventDate "2021.05.24"]
[EventType "k.o."]

1. d4 Nf6 2. c4 e6 3. Nf3 b6 4. g3 Bb4+ 5. Bd2 a5 6. Bg2 Bb7 7. O-O O-O 8. Bf4
Be7 9. Nc3 Ne4 10. Qd3 Nxc3 11. Qxc3 d6 12. Rfd1 Nd7 13. Qc2 Nf6 14. Ne1 Bxg2
15. Kxg2 c5 16. d5 exd5 17. cxd5 a4 18. e4 Nd7 19. Nf3 Qb8 20. Rab1 Re8 21. b4
axb3 22. axb3 Bf6 23. b4 Qc7 24. Nd2 g5 25. Be3 Ne5 26. Bd4 Ng4 27. h3 Bxd4 28.
hxg4 Qe7 29. Re1 Ra3 30. Rb3 Qf6 31. Re2 cxb4 32. Rxb4 Bc5 33. Rb3 Ra1 34. Nc4
Qh6 35. Rb1 Rea8 36. Qb2 R1a6 37. Qc3 Qg7 38. e5 dxe5 39. Rxe5 Ra4 40. Rbe1 Qf6
41. R1e2 h6 42. Qd3 b5 43. Nd2 Ra2 44. Rf5 Qd4 45. Qxb5 Rxd2 46. Rxd2 Qxd2 47.
Qxc5 Qe2 48. Qd4 Rc8 49. Qf6 Qe4+ 50. Kh2 1-0

[Event "European Hybrid Qual 2021"]
[Site "Tornelo INT"]
[Date "2021.05.25"]
[Round "1.2"]
[White "Potpara, Nikola"]
[Black "Huzman, Alexander"]
[Result "1/2-1/2"]
[BlackTitle "GM"]
[WhiteElo "2365"]
[BlackElo "2558"]
[WhiteFideId "910058"]
[BlackFideId "2803828"]
[EventDate "2021.05.24"]
[EventType "k.o."]

1. c4 c5 2. g3 g6 3. Bg2 Bg7 4. Nc3 Nc6 5. a3 Nf6 6. Rb1 O-O 7. b4 d6 8. Nf3 d5
9. bxc5 d4 10. Na2 Nd7 11. O-O Nxc5 12. d3 Bd7 13. Nb4 Rc8 14. Nd2 Ne5 15. Ne4
Ba4 16. Qd2 Ned7 17. Qa2 Nxe4 18. Bxe4 Nc5 19. Bg2 Qd7 20. Bd2 Rfd8 21. Nd5 e6
22. Nf4 b6 23. Bb4 Bh6 24. Rfe1 Bxf4 25. gxf4 Qc7 26. Bxc5 Qxc5 27. Qd2 Rc7 28.
Qb4 Be8 29. Bf3 Qf5 30. Qd2 Qh3 31. Kh1 Qh4 32. Rg1 Qxf2 33. f5 exf5 34. Qg5
Rdd7 35. Rbf1 Qe3 36. Qxf5 Re7 37. Qf6 Qe5 38. Qxe5 Rxe5 39. Rg4 1/2-1/2

[Event "European Hybrid Qual 2021"]
[Site "Tornelo INT"]
[Date "2021.05.24"]
[Round "1.1"]
[White "Petrosyan, Manuel"]
[Black "Sieber, Fiona"]
[Result "1-0"]
[WhiteTitle "GM"]
[BlackTitle "WIM"]
[WhiteElo "2625"]
[BlackElo "2259"]
[WhiteFideId "13300857"]
[BlackFideId "12902373"]
[EventDate "2021.05.24"]
[EventType "k.o."]

1. Nf3 Nf6 2. c4 g6 3. Nc3 d5 4. cxd5 Nxd5 5. h4 Bg7 6. e4 Nxc3 7. dxc3 Qxd1+ 8.
Kxd1 Nd7 9. h5 Nc5 10. h6 Bf8 11. e5 Bf5 12. Be3 Nd3 13. Bxd3 Bxd3 14. Rh4 Rd8
15. Ke1 f6 16. Rd1 Bf5 17. Rxd8+ Kxd8 18. Rd4+ Kc8 19. g4 Bd7 20. g5 Bc6 21. Ke2
Bxf3+ 22. Kxf3 fxe5 23. Ra4 e6 24. Rxa7 Kb8 25. Ra4 Bd6 26. Kg4 Rf8 27. Re4 Rf5
28. a4 c6 29. b4 Kc8 30. b5 Kc7 31. Rc4 Rf8 32. a5 c5 33. Ra4 Ra8 34. Kf3 Kd7
35. Ke4 Bc7 36. a6 Bd6 37. Kd3 bxa6 38. Rxa6 Rxa6 39. bxa6 Kc6 40. Kc4 Be7 41.
f3 Bd8 42. a7 Kb7 43. a8=Q+ Kxa8 44. Kxc5 Ba5 45. c4 Kb7 46. Kd6 Bc3 47. Kxe6
Kc6 48. Kf7 Bd4 49. Bc1 Kd7 50. Kg8 Ke6 51. Kxh7 Kf7 52. Ba3 e4 53. fxe4 Be3 54.
Bd6 Bxg5 55. c5 1-0

[Event "European Hybrid Qual 2021"]
[Site "Tornelo INT"]
[Date "2021.05.25"]
[Round "1.2"]
[White "Sieber, Fiona"]
[Black "Petrosyan, Manuel"]
[Result "0-1"]
[WhiteTitle "WIM"]
[BlackTitle "GM"]
[WhiteElo "2259"]
[BlackElo "2625"]
[WhiteFideId "12902373"]
[BlackFideId "13300857"]
[EventDate "2021.05.24"]
[EventType "k.o."]

1. e4 e5 2. Nf3 Nc6 3. d4 exd4 4. Nxd4 Qf6 5. Nxc6 dxc6 6. Bd3 Be6 7. O-O O-O-O
8. Nc3 g5 9. Qh5 h6 10. f4 Qd4+ 11. Kh1 Nf6 12. Qf3 gxf4 13. Ne2 Qc5 14. b4 Qxb4
15. Bxf4 Rg8 16. Rab1 Qa5 17. Bg3 Nh5 18. Bh4 Rd7 19. Bf2 Rg5 20. Be3 Bg4 21.
Qf2 Bc5 22. Nd4 Bb6 23. Bxg5 hxg5 24. Nb3 Qe5 25. Qe1 Ng3+ 26. Qxg3 Qxg3 27.
hxg3 f5 0-1

[Event "European Hybrid Qual 2021"]
[Site "Tornelo INT"]
[Date "2021.05.24"]
[Round "1.1"]
[White "Sychev, Klementy"]
[Black "Michaelides, Konstantinos"]
[Result "1-0"]
[WhiteTitle "GM"]
[BlackTitle "CM"]
[WhiteElo "2558"]
[BlackElo "2260"]
[WhiteFideId "4114060"]
[BlackFideId "5901871"]
[EventDate "2021.05.24"]
[EventType "k.o."]

1. e4 e5 2. Nf3 Nc6 3. Bb5 a6 4. Ba4 d6 5. O-O Bd7 6. c4 g6 7. d4 Bg7 8. Bxc6
Bxc6 9. dxe5 dxe5 10. Qe2 Qe7 11. b3 f6 12. Ba3 Qe6 13. Nc3 Bf8 14. Nd5 Rc8 15.
Bb2 Bg7 16. Nh4 Nh6 17. f4 Bxd5 18. exd5 Qb6+ 19. Kh1 O-O 20. Nf3 Nf7 21. f5
Rfe8 22. Qc2 gxf5 23. Qxf5 Nh6 24. Qh5 f5 25. Rae1 Ng4 26. Ng5 Qg6 27. Qxg6 hxg6
28. Ne6 c6 29. h3 Nf6 30. Bxe5 cxd5 31. cxd5 Kf7 32. g4 Rh8 33. Nxg7 Nxg4 34.
Nxf5 gxf5 35. Bxh8 Rxh8 36. Rxf5+ Kg6 37. Rf3 1-0

[Event "European Hybrid Qual 2021"]
[Site "Tornelo INT"]
[Date "2021.05.25"]
[Round "1.2"]
[White "Michaelides, Konstantinos"]
[Black "Sychev, Klementy"]
[Result "1/2-1/2"]
[WhiteTitle "CM"]
[BlackTitle "GM"]
[WhiteElo "2260"]
[BlackElo "2558"]
[WhiteFideId "5901871"]
[BlackFideId "4114060"]
[EventDate "2021.05.24"]
[EventType "k.o."]

1. d4 Nf6 2. Nf3 g6 3. Bg5 Bg7 4. Nbd2 O-O 5. e3 d6 6. Bc4 Nc6 7. O-O h6 8. Bh4
e5 9. dxe5 dxe5 10. e4 Qe7 11. c3 Rd8 12. Qc2 a5 13. a4 Nb8 14. Rfe1 Nbd7 1/2-1/2

[Event "European Hybrid Qual 2021"]
[Site "Tornelo INT"]
[Date "2021.05.24"]
[Round "1.1"]
[White "Gledura, Benjamin"]
[Black "Martins, Bruno Andre Leite"]
[Result "1/2-1/2"]
[WhiteTitle "GM"]
[BlackTitle "FM"]
[WhiteElo "2633"]
[BlackElo "2359"]
[WhiteFideId "712779"]
[BlackFideId "1942255"]
[EventDate "2021.05.24"]
[EventType "k.o."]

1. e4 c5 2. Nf3 Nc6 3. Nc3 e5 4. Bc4 d6 5. d3 Be7 6. O-O Nf6 7. Ng5 O-O 8. f4
exf4 9. Bxf4 h6 10. Nf3 Be6 11. Qd2 d5 12. exd5 Nxd5 13. Bxh6 Nxc3 14. Bxe6 fxe6
15. bxc3 gxh6 16. Qxh6 Rf6 17. Qg5+ Kh7 18. Qe3 Qd5 19. Rab1 Rb8 20. Rf2 Kg7 21.
Nd2 Rxf2 22. Qxf2 Qf5 23. Qe2 Qg6 24. Nc4 Bf6 25. Rf1 Rh8 26. Rf4 Rh4 27. Rf3
Rh5 28. Re3 Nd8 29. Qe1 Rd5 30. a4 b6 31. Kh1 Rg5 32. g3 Rd5 33. Re4 Rh5 34. Kg2
Qf5 35. h4 Qd5 36. Kh2 Qc6 37. Qe2 Rh6 38. Rg4+ Kh7 39. Nd2 Bxc3 40. Ne4 Bf6 41.
Qf3 e5 42. Qf5+ Kh8 43. Ng5 Qc7 44. Qf3 Qe7 45. Ne4 Bg7 46. Ng5 Bf6 47. Ne4 Nf7
48. Kg2 Bg7 49. Nf2 Nd6 50. Qe2 Qb7+ 51. Kg1 Rf6 52. Ne4 Nxe4 53. Rxe4 Rh6 54.
Qg4 Qf7 55. Kg2 Rg6 56. Qc8+ Kh7 57. Qa8 Qf5 58. Re2 Qg4 59. Qf3 Qxa4 60. Qh5+
Rh6 61. Qf5+ Kg8 62. Qc8+ Bf8 63. Re4 Qc6 64. Qg4+ Bg7 65. Kh2 Qe6 66. Qe2 Rf6
67. Kg2 a5 68. c4 Rf7 69. h5 Rd7 70. Rg4 Qc6+ 71. Kh2 Qe6 72. Qf3 Rf7 73. Qe4
Kf8 74. Rg6 Qf5 75. Qa8+ Ke7 76. Qb7+ Ke8 77. Qa8+ Ke7 78. Qb7+ 1/2-1/2

[Event "European Hybrid Qual 2021"]
[Site "Tornelo INT"]
[Date "2021.05.25"]
[Round "1.2"]
[White "Martins, Bruno Andre Leite"]
[Black "Gledura, Benjamin"]
[Result "1/2-1/2"]
[WhiteTitle "FM"]
[BlackTitle "GM"]
[WhiteElo "2359"]
[BlackElo "2633"]
[WhiteFideId "1942255"]
[BlackFideId "712779"]
[EventDate "2021.05.24"]
[EventType "k.o."]

1. d4 Nf6 2. Bf4 d5 3. e3 c5 4. c3 Nc6 5. Nd2 Bf5 6. Qb3 Qc8 7. Ngf3 e6 8. Nh4
Be4 9. f3 Bg6 10. g4 Be7 11. Bg3 c4 12. Qd1 b5 13. e4 Qd8 14. Nxg6 hxg6 15. Bg2
g5 16. O-O Qb6 17. Kh1 Rd8 18. Qe2 Rd7 19. f4 gxf4 20. Bxf4 dxe4 21. Nxe4 Nd5
22. Bg3 g5 23. a4 a6 24. axb5 axb5 25. Ra8+ Rd8 26. Rxd8+ Qxd8 27. b3 Na5 28.
Nd2 O-O 29. bxc4 Nxc4 30. Nxc4 bxc4 31. Rc1 Nb6 32. Rb1 Bd6 33. Be5 Bxe5 34.
Qxe5 Nd5 35. Bxd5 Qxd5+ 36. Qxd5 exd5 37. Rb5 Rd8 38. Kg2 Kg7 39. Rb6 f6 40.
Rb7+ Kg6 41. Rc7 Rd6 42. Kf3 f5 43. Rc8 f4 44. Rg8+ Kh6 45. h4 gxh4 46. Rh8+ Kg6
47. Rxh4 Re6 48. Kxf4 Re4+ 49. Kf3 Re1 50. Rh3 Rf1+ 51. Ke3 Kg5 52. Rh5+ Kxg4
53. Rxd5 Rd1 54. Rc5 Rd3+ 55. Ke4 Rxc3 56. d5 Rc1 57. d6 c3 58. Kd5 Kf5 59. Rc4
Rd1+ 60. Kc6 Ke6 61. Re4+ Kf5 62. Rc4 Ke6 63. Re4+ Kf5 64. Rc4 1/2-1/2

[Event "European Hybrid Qual 2021"]
[Site "Tornelo INT"]
[Date "2021.05.25"]
[Round "1.3"]
[White "Martins, Bruno Andre Leite"]
[Black "Gledura, Benjamin"]
[Result "1/2-1/2"]
[WhiteTitle "FM"]
[BlackTitle "GM"]
[WhiteElo "2359"]
[BlackElo "2633"]
[WhiteFideId "1942255"]
[BlackFideId "712779"]
[EventDate "2021.05.24"]
[EventType "k.o."]

1. d4 Nf6 2. Bf4 d5 3. e3 c5 4. c3 Nc6 5. Nd2 Bf5 6. Qb3 Qc8 7. Ngf3 e6 8. Nh4
Be4 9. f3 Bg6 10. g4 Be7 11. Bg3 a6 12. Nxg6 hxg6 13. Bg2 b5 14. O-O O-O 15. h3
Nd7 16. Rac1 Nb6 17. Kh2 Qd7 18. Rcd1 cxd4 19. cxd4 Rfc8 20. Rc1 Nc4 21. Nxc4
bxc4 22. Qa4 Bd6 23. f4 Qb7 24. Rf2 Nb4 25. Bf1 Qb5 26. Qxb5 axb5 27. a3 Nc6 28.
f5 Bxg3+ 29. Kxg3 gxf5 30. gxf5 Re8 31. Bg2 b4 32. fxe6 fxe6 33. axb4 Nxb4 34.
Bf1 e5 35. Rf5 exd4 36. exd4 Rab8 37. Bg2 Red8 38. Ra1 Rb5 39. Ra7 Nc6 40. Rc7
Nxd4 41. Rff7 Ne6 42. Ra7 d4 43. h4 d3 44. Bh3 Re5 45. Bxe6 Re3+ 46. Kg2 Rxe6
47. Rxg7+ Kf8 48. Raf7+ Ke8 49. Rc7 Kf8 50. Rcf7+ Ke8 51. Rc7 Kf8 52. Rcf7+ 1/2-1/2

[Event "European Hybrid Qual 2021"]
[Site "Tornelo INT"]
[Date "2021.05.25"]
[Round "1.4"]
[White "Gledura, Benjamin"]
[Black "Martins, Bruno Andre Leite"]
[Result "1-0"]
[WhiteTitle "GM"]
[BlackTitle "FM"]
[WhiteElo "2633"]
[BlackElo "2359"]
[WhiteFideId "712779"]
[BlackFideId "1942255"]
[EventDate "2021.05.24"]
[EventType "k.o."]

1. e4 c5 2. Nf3 Nc6 3. Nc3 e5 4. Bc4 d6 5. d3 Be7 6. O-O Nf6 7. Bg5 O-O 8. a4
Be6 9. Bxf6 Bxf6 10. Nd5 g6 11. c3 Bg7 12. Qd2 h6 13. b4 cxb4 14. cxb4 Ne7 15.
Qa2 Bg4 16. Nd2 Nc6 17. Nb3 Be6 18. Qd2 Ne7 19. Nxe7+ Qxe7 20. Rac1 Rfd8 21.
Bxe6 Qxe6 22. Na5 d5 23. Nxb7 Rdb8 24. Nc5 Qd6 25. b5 Rc8 26. Nb3 Qa3 27. Na5
dxe4 28. dxe4 Qxa4 29. Nc6 Kh7 30. Qd5 Qa3 31. Qxf7 Rab8 32. Ra1 Qf8 33. Qxf8
Rxf8 34. Nxb8 Rxb8 35. Rxa7 Rxb5 36. Rd1 h5 37. g3 Kh6 38. h4 Rb8 39. Rdd7 Rg8
40. Kf1 Kh7 41. Ke2 Kh6 42. Kd3 g5 43. hxg5+ Kg6 44. Rxg7+ Rxg7 45. Rxg7+ Kxg7
46. Ke3 Kg6 47. f4 1-0